Statistics for UFC Fighters

Click here to take the quiz!

General Stats

  • This quiz has been taken 629 times
  • The average score is 25 of 36

Answer Stats

Answer% Correct
Jon Jones
98%
Conor McGregor
96%
Khabib Nurmagomedov
87%
Daniel Cormier
85%
José Aldo
85%
Georges Saint-Pierre
84%
Israel Adesanya
84%
Max Holloway
84%
Alexander Volkanovski
83%
Francis Ngannou
83%
Tony Ferguson
81%
Nate Diaz
77%
Demetrious Johnson
76%
Leon Edwards
76%
Anderson Silva
74%
Charles Oliveira
74%
Islam Makhachev
74%
Kamaru Usman
72%
Ciryl Gane
70%
Khamzat Chimaev
70%
Brock Lesnar
69%
Robert Whittaker
69%
Alex Pereira
68%
Dustin Poirier
68%
Sean Strickland
68%
Jamahal Hill
66%
Justin Gaethje
62%
Derrick Lewis
59%
Stipe Miocic
58%
Alexander Gustafsson
57%
Alexandre Pantoja
57%
Jiri Prochazka
54%
Shavkat Rakhmonov
53%
Glover Teixeira
40%
Cheick Kongo
9%
Gerard Gordeau
4%

Score Distribution

Percentile by Number Answered

Percent of People with Each Score

Your Score History

You have not taken this quiz